| 000 | 01476cab a2200277 4500 | ||
|---|---|---|---|
| 001 | ABS68361 | ||
| 008 | 041027n2004 000 0 eng u | ||
| 035 | _a(Sirsi) u127832 | ||
| 245 | _aAvonridge Property Co Ltd v Amit Mashru and others | ||
| 260 | _c2004 | ||
| 490 |
_aEstates Gazette _v[2005] 05 EG 204-208 (5) |
||
| 490 |
_aCourt of Appeal (Civil Division) _v[2004] EWCA Civ 1306 |
||
| 520 | _a[2004] EWCA Civ 1306, 14 October 2004. A appealed against a judgment for damages to be assessed against it in Part 20 proceedings brought by the respondent sublessees (M). The issue on this appeal was whether a provision in a lease entered into since 1 January 1996 which purported to limit the liability of the original lessor under the lessor's covenants, so that it came to an end on his disposing of the reversion, fell foul of the anti-avoidance provision in the Landlord and Tenant (Covenants) Act 1995 s25. "Held:" the appeal was dismissed. View judgment at bailii.org | ||
| 590 | _aABS | ||
| 650 | _aLEASES | ||
| 650 | _aCOVENANTS | ||
| 650 | _aBREACH OF COVENANT | ||
| 650 | _aLANDLORDS LIABILITY | ||
| 650 | _aLANDLORD AND TENANT (COVENANTS) ACT 1995 S25 | ||
| 650 | _aANTI-AVOIDANCE | ||
| 650 | _aAVONRIDGE PROPERTY CO LTD V AMIT MASHRU & OTHERS | ||
| 650 | _aASSIGNMENT | ||
| 690 | _aLANDLORD AND TENANT-LEASES-CASE LAW | ||
| 856 |
_uhttps://www.bailii.org/ew/cases/EWCA/Civ/2004/1306.html _zView judgment on the Bailii website... |
||
| 942 | _n0 | ||
| 999 |
_c74584 _d74584 |
||